| 000 | 01459namaa22003251i 4500 | ||
|---|---|---|---|
| 005 | 20260524142115.0 | ||
| 008 | 260524s1995 ua a|||frm||| 000 0 eng d | ||
| 040 |
_aEG-GICUC _beng _cEG-GICUC _dEG-GICUC _erda |
||
| 041 | 0 |
_aeng _beng _bara |
|
| 049 | _aDeposite | ||
| 097 | _aM.Sc | ||
| 099 | _aCai01.07.23.M.Sc.1995.Ge.p. | ||
| 100 | 0 |
_aGehan Safwat Mohamed EL-Husseiny, _epreparation. |
|
| 245 | 1 | 0 |
_aPropagation And Regeneration Of Some Tomato Cultivars Through Tissue Culture Technique / _cBy Gehan Safwat Mohamed EL-Husseiny; Approved By Dr. Mohamed K. EL-Bahr, Prof.Dr. Mohamed Abdel- Meguid Badawy, Prof.Dr. Ahmed H. Khereba. |
| 246 | 1 | 5 | _aأكثار وتجديد نمو بعض أصناف الطماطم باستخدام طرق زراعة الأنسجة / |
| 264 | 0 | _c1995. | |
| 300 |
_a181 pages : _billustrations ; _c30 cm. + |
||
| 336 |
_2rda content _atext |
||
| 337 |
_2rdamedia _aUnmediated |
||
| 338 |
_2rdacarrier _avolume |
||
| 502 | _aThesis (M.Sc.)-Cairo University, 1995. | ||
| 504 | _aBibliography: pages 167-181. | ||
| 653 | 0 | _aHorticulture | |
| 700 | 0 |
_aMohamed K. EL-Bahr _ethesis advisor. |
|
| 700 | 0 |
_aMohamed Abdel- Meguid Badawy _ethesis advisor. |
|
| 700 | 0 |
_aAhmed H. Khereba _ethesis advisor. |
|
| 900 |
_DDepartment of Vegetables _FFaculty of Agriculture _UCairo University _b1995 _cMohamed K. EL-Bahr _cMohamed Abdel- Meguid Badawy _cAhmed H. Khereba |
||
| 905 | _aEman El gebaly | ||
| 942 |
_2ddc _cTH _e21 _n0 |
||
| 999 | _c180294 | ||